000 00726cam a22002531 4500
001 sa 68008153
003 DLC
005 20260227112529.0
008 941108s1967 ii b 000 0 gujo
010 _asa 68008153
025 _aPL480:I-Gu-1135
035 _a(OCoLC)31426116
040 _aDLC
_cCU
_dCU
_dDLC
042 _apremarc
050 0 0 _aPK1854
_b.P3
100 1 _aPāṭhaka, Jayanta Himmatalāla,
_d1920-2003.
245 1 0 _aṬūṇkī vārtā: svarūpa ane sāhitya.
260 _c[1967]
300 _a244 p.
_c22 cm.
500 _aIn Gujarati.
504 _aBibliographical footnotes.
650 0 _aShort stories, Gujarati
_xHistory and criticism.
700 1 _aŚukla, Rameśchandra Mahashanker,
_d1929-
999 _c82275
_d82275